Obchodná fakulta má záujem na svojom rozvoji

Tradícia Obchodnej fakulty (OF) a jej vývojové etapy. Štrukturálne členenie Obchodnej fakulty na katedry. Priorita OF - výchova odborníkov pôsobiacich v domácej ekonomike ako aj v európskom trhovom priestore. OF a jej študijné odbory. Veda a výskum. Spolupráca OF s hospodárskou praxou. Medzinárodná...

Description complète

Enregistré dans:
Détails bibliographiques
Auteur principal: Daňo, Ferdinand, 1959-
Format: Chapitre de livre
Langue:slovaque
Sujets:
Tags: Ajouter un tag
Pas de tags, Soyez le premier à ajouter un tag!

MARC

LEADER 00000naa$a2200000$$$4500
001 0027005
005 20240502071427.3
041 0 |a slo 
044 |a SK 
245 1 0 |a Obchodná fakulta má záujem na svojom rozvoji  |c Ferdinand Daňo 
520 |a Tradícia Obchodnej fakulty (OF) a jej vývojové etapy. Štrukturálne členenie Obchodnej fakulty na katedry. Priorita OF - výchova odborníkov pôsobiacich v domácej ekonomike ako aj v európskom trhovom priestore. OF a jej študijné odbory. Veda a výskum. Spolupráca OF s hospodárskou praxou. Medzinárodná spolupráca s univerzitami v krajinách Európskej únie. Miesto Obchodnej fakulty vo výchovno-vzdelávacom procese. 
610 2 0 |a vzdelávanie 
610 2 0 |a školy vysoké 
610 2 0 |a univerzity 
610 2 0 |a veda 
610 2 0 |a výskum 
610 2 0 |a ekonómia 
610 2 0 |a obchod 
610 2 0 |a vzťahy medzinárodné 
610 2 0 |a internacionalizácia 
100 1 |a Daňo, Ferdinand, 1959-